Pletenie

Bibliographic Details
Main Author: Pešková, Ľudmila (Author, Photographer)
Format: Book
Language:Slovak
PhysicalDescription:194, [6] s. 4°
Published: Bratislava Práca 1975
Edition:2. vyd.
Series:Praktické príručky práce
Subjects:

MARC

LEADER 00000nam a2200000 a 4500
001 vtls008361170
003 SK-MaSNL
005 20260302015445.0
008 190102s1975 xo 000 slo
015 |a SKSNBA1975/10-02454 
020 |q (viaz.) 
035 |a SK01SNK19750053387 
035 |a SKM000055850 
040 |a SNK  |b slo  |c SNK  |e AACR2 
041 0 |a slo 
044 |a xo  |c SK 
080 |a 746.4(035)  |2 1981 
100 1 |a Pešková, Ľudmila  |4 aut  |4 pht  |9 278667 
245 1 0 |a Pletenie  |c Ľudmila Pešková ; fot. autorka 
250 |a 2. vyd. 
260 |a Bratislava  |b Práca  |c 1975  |e Bratislava  |f Polygrafické závody 
300 |a 194, [6] s.  |c 4° 
490 1 |a Praktické príručky práce  |v zv. 1/74 
500 |a Tit. dvojlist. Predsádky 
563 |a 25000 výtl. 
650 0 7 |a ručné pletenie  |2 SNKPH  |9 3104 
650 0 7 |a strojové pletenie  |2 SNKPH  |9 2732 
655 7 |a príručky  |2 SNKPH  |9 74364 
830 0 |a Praktické príručky práce  |9 307080 
852 |a Slovenská národná knižnica v Martine  |b 10000  |h SB 22733 
852 |a Slovenská národná knižnica v Martine  |b 10000  |h SB 22733 D1 
958 |a OND 
958 |a TL 
958 |a RK 
999 |c 1021213  |d 1023143 
952 |a SNK  |b SNK  |y VYP  |7 0  |p 17A0530182  |o snkSB 22733 D1  |i snkKSP 7053/75  |3 rekatalogizácia  |0 0  |1 0  |4 0  |d 2006-11-22  |l 0  |r 2026-02-24 13:23:53  |w 2026-02-24 
952 |a SNK  |b SNK  |y PREZ  |7 0  |p 17A0924484  |o snkSB 22733   |0 0  |1 0  |4 0  |d 2012-07-25  |f 1  |l 0  |r 2025-03-27 00:00:00  |w 2026-02-24